Podział administracyjny Niemiec - Statystyki

Ogólne statystyki
  • Ten quiz został rozwiązany 41 razy
  • Średni wynik to 10 z 16
Statystyki odpowiedzi
Nazwa jednostki administracyjnej Odpowiedź % Poprawnych
Kraj Związkowy Bawaria
90%
Kraj Związkowy Berlin
84%
Kraj Związkowy Brandenburgia
84%
Kraj Związkowy Saksonia
81%
Kraj Zwiąkowy Hamburg
77%
Kraj Związkowy Brema
65%
Kraj Związkowy Dolna Saksonia
61%
Kraj Związkowy Saara
61%
Kraj Związkowy Szlezwik-Holsztyn
58%
Kraj Związkowy Turyngia
58%
Kraj Związkowy Saksonia-Anhalt
55%
Kraj Związkowy Hesja
52%
Kraj Związkowy Badenia-Wirtembergia
48%
Kraj Zwiąkowy Nadrenia-Palatynat
45%
Kraj Związkowy Nadrenia Północna-Westfalia
45%
Kraj Związkowy Meklemburgia-Pomorze Przednie
39%
Nie znaleziono quizów pasujących do podanych kryteriów
Rozkład punktacji
Procent ludzi z każdym wynikiem
Percentyl według liczby udzielonych odpowiedzi
Twoja historia wyników
Nie rozwiązałeś tego quizu